000 00649cab a2200217 4500
001 WB3505-15
008 090401t1999 xxu||||| |||| 00| 0 eng d
035 _a(Sirsi) u91084
041 _aeng
245 _aEuro changeover plan
260 _c1999
350 _a0
490 _aFinancial Times
_v2 February 1999, 14(1)
520 _aGovernment has given final approval to the National Changeover Plan which sets out the practical measures for a British transition to the Euro.
650 _aEURO
650 _aNATIONAL CHANGEOVER PLAN
650 _aSINGLE CURRENCY
690 _aEUROPE-SINGLE MARKET
942 _n0
948 _c03/02/1999
999 _c57795
_d57795